000
00260nam a2200097Ia 4500
005
20250424112850.0
008
250424s9999 xx 000 0 und d
300
_a
iii. , 128 p. ; 25 cm.
650
_a
Business--Periodicals. Management--Periodicals.
942
_c
SR
999
_c
37579
_d
37579